000 00506nam a2200193Ia 4500
001 65851
008 130101n ii |||gr||||Z||||||asm
020 _a978-81-7665-484-5
082 _a891.41
100 _aBorgohain, Homen.
245 0 _aKushilab Timirtirtha
_cBy Homen Borgohain
_hTextual Documents
250 _a4th rev edn.
260 _aGuwahati
_bStudents Stores
300 _a184pg:
_c23cm.
653 _aAssamese
653 _aG-H B Collection
653 _aPolitical Novel
942 _2ddc
_cBK
999 _c66944
_d66944